MDQL
is popping MORE tags! Check the
thread
!
Quizzes
Events
Quiz Creation
Community
Videos
Private Events
Remove Ads
Sign In
Join for FREE
Feedback
Dark Mode
Quiz Categories
Sports
Geography
Music
Movies
Television
Just For Fun
Miscellaneous
History
Literature
Language
Science
Gaming
Entertainment
Religion
Holiday
For Kids
Quiz Lab
Recent
Popular Today
Quiz Kudos Today
Editor Picks
Curator Picks
Quizzes by...
Day
Popularity
Type
Ratings
Length
Year
Community
Subscriptions
Recent Discussions
Orange Saloon
Badges
Playlists
Quests
Create
Leaderboards
Showdown
Live 5
Trivia Bingo
Activity
Puzzle Library
Sporcle Events
Private Events
Virtual Trivia
Globe League
Become a Host
Pub Owners
SporcleCon
Opinionation
Our Games
Videos
Blog
Mobile Apps
Partnerships
Remove Ads and Go Orange
Feedback
Science
Computer
Plants
Astronomy
Chemistry
Elements
Math
Animal
Physics
Anatomy
Biology
Geology
General Science
Science
Computer
Plants
Astronomy
Chemistry
Elements
Math
Animal
Physics
Anatomy
Biology
Geology
General Science
Random Quiz
Search Sporcle
×
Quiz Lab
Quiz Lab
Science
Physics
Type in answers that appear in a list
Type in answers that appear in a list
Classic
Best Score? Go Orange.
SUVATs: equations and uses Stats
Can you name the constant acceleration equations and identify which to use when?
By
PixelPuffin
10m
10 Questions
8 Plays
8 Plays
8 Plays
Comments
Comments
Give Quiz Kudos
Give Quiz Kudos
-
- Ratings
hide this ad
Forced Order
Answers have to be entered in order
Answers have to be entered in order
Random Order
Randomize order of answers
Randomize order of answers
Replay
Link that replays current quiz
Next Quiz
Link to next quiz in quiz playlist
You Got
0%
They Got
Avg Score
37%
Avg Friend Score
Upgrade to see
Score Distribution
Jump to the score distribution portion of the page
Score
0/10
Timer
10:00
0
Plays Today
Problem
SUVAT
% Correct
Which SUVAT do you use when you need to find a, using s, v and u?
v^2 = u^2 + 2as
50%
Which SUVAT do you use when you need to solve a puzzle with s missing?
v = u + at
50%
Which SUVAT do you use when you need to find t, using u, v and a?
v = u + at
37.5%
Which SUVAT do you use when you need to find s, using v, a and t?
s = vt - (at^2)/2
37.5%
Which SUVAT do you use when you need to solve a puzzle with u missing?
s = vt - (at^2)/2
37.5%
Which SUVAT do you use when you need to solve a puzzle with v missing?
s = ut + (at^2)/2
37.5%
Which SUVAT do you use when you need to solve a puzzle with a missing?
s = (ut + vt)/2
37.5%
Which SUVAT do you use when you need to solve a puzzle with t missing?
v^2 = u^2 + 2as
37.5%
Which SUVAT do you use when you need to find a, using t, u and s?
s = ut + (at^2)/2
25%
Which SUVAT do you use when you need to find u, using t, v and s?
s = (ut + vt)/2
25%
Quiz Playlist
Details
Report
Send in Message
Add To Playlist
Classic:
Type in answers that appear in a list
Forced Order:
Answers have to be entered in order
Random Order:
Randomize order of answers
Last Updated: Feb 16, 2017
Quiz Scoreboard
CHALLENGE
Sign Up to Join the Scoreboard
Show All
Scores
Hide
Comments
May contain spoilers
Recently Published
Two Season TV Shows II
by 123Four
Television
10m
Image Sorting: Flags VI
by Barbecue
Geography
2m
Find the 'City' Movie
by crazypaving
Movies
60s
More to Explore
Quiz From the Vault
Featured Blog Post
14 Easter Pick-up Lines to Find Eggs With
hide this ad
You Might Also Like...
Tags
Physics Quiz
distance
Equation
gcse
GCSE Subjects
mathematics
Revision
time
Velocity
Today's Top Quizzes in Science
Browse Science
hide this ad
Today's Top Quizzes in Physics
Browse Physics
Top Contributed Quizzes in Science
1
Windmill: Elements
2
200 Vogels in Nederland
3
Square Numbers Scrambled (1-50)
4
Elements In Images
5
Glycolysis
6
Count to 60
7
perfect squares 1-25
8
17 TIMES TABLE
9
Quick Pick: 'CI-CJ' Animals
10
4-letter Elementary Words III
Explore More
Trending Topics
Disney
Crossword
Marvel
Kpop
NBA
Anime
Harry Potter
Puzzle
Soccer
Country
Pokémon
Song
The Office
WWE
NFL
hide this ad
More By:
PixelPuffin
Quiz
Plays
Rating
Category
Featured
Created
Colours of Who
104
3.75
Television
Jun 11, 2014
SUVATs: equations and uses
8
Science
May 27, 2014
Go to Creator's Profile
Score Distribution
Quiz Creator Spotlight
PixelPuffin
Follow
Send a Message
Quizzes Created
-
Created Quiz Play Count
-
More By This Creator
Popular Quizzes Today
1
Colored Red Africa Blitz
2
Find the US States - No Outlines Minefield
3
Find the 'City' Movie
4
5x2 Blitz: Bands
5
The Countries of the World
6
Find the US States
7
Find the Countries of Europe - No Outlines Minefield
8
US States
More Science Quizzes
Roman Numeral Mine Match
Published
Trending Quizzes
Colored Red Europe Blitz I
Colored Red Africa Blitz II
Colored Red Europe Blitz II
Colored Red Africa Blitz III
Colored Red Europe Blitz III
Recently Updated
How Do You Spell That?
pecheneg
Godzilla Movies
pecheneg
Grab Bag: 4-10 Letters
pecheneg
2024 March Madness Bracket
pecheneg
Famous TV Couples
Peacemaker
Champions League XIs: Real Madrid
pecheneg
Largest US Cities 1790-2010
pecheneg
Rides in Walt Disney World
pecheneg
Most Oscar Losses (Acting)
pecheneg
Beyoncé Albums
pecheneg
Trending Topics
Marvel
NBA
Harry Potter
Kpop
Crossword
Anime
Disney
NFL
Song
Country
WWE
Puzzle
Pokémon
The Office
Soccer
Your Account Isn't Verified!
In order to create a playlist on Sporcle, you need to verify the email address you used during registration. Go to your
Sporcle Settings
to finish the process.
Report this User
Report this user for behavior that violates our
Community Guidelines
.
Details:
Send Report
Go to the Sporcle.com Mobile Site →
Comments